000 00738cam a2200253 4500
001 ABS63828
008 000000n2001 000 0 eng u
035 _a(Sirsi) u112228
245 _aPropertyUk Yorkshire
260 _c2001
490 _aProperty Week
_v 66(16) 57-66(6)
590 _aABS
650 _aYORKSHIRE
650 _aLINCOLNSHIRE
650 _aHULL
650 _aWEST YORKSHIRE
650 _aEAST YORKSHIRE
650 _aLEEDS
650 _aBROWNFIELD SITES
650 _aPROPERTY-COMMERCIAL PROPERTY-OFFICE PROPERTY-OFFICE PROPERTY MARKET
650 _aPROPERTY-COMMERCIAL PROPERTY-RETAIL PROPERTY-RETAIL PROPERTY MARKET
690 _aPROPERTY-COMMERCIAL PROPERTY-COMMERCIAL PROPERTY MARKET
942 _n0
999 _c66835
_d66835